Les plus hauts gratte-ciels de France - Statistiques

Statistiques générales
  • Ce quiz a été pris 15 fois
  • Le résultat moyen est 3 sur 19
Statistiques - réponses
Lieu Hauteur Nom % Correct
Paris 15e 210m Tour Montparnasse
93%
Marseille 2e 145m Tour CMA CGM
33%
Nantes 144m Tour Bretagne
27%
Paris 13e 180m Tour Duo 1
20%
Lyon 3e 200m Tour Incity
20%
Paris 17e 160m Tribunal de Paris
20%
La Défense 242m The Link
13%
Saint-Denis 129m Tour Pleyel
13%
Lille 117m Tour de Lille
7%
Bagnolet 122m Tours Mercuriales
7%
Paris 14e 116m Hôtel Pullman
0%
Nanterre 113m Préfecture des Hauts-de-Seine
0%
Courbevoie 103m Tour Cèdre
0%
Mulhouse 100m Tour de l'Europe
0%
Pluteaux 126m Tour France
0%
Paris 20e 104m Tour Giralda
0%
Aubervilliers 125m Tour La Villette
0%
Amiens 110m Tour Perret
0%
Paris 19e 123m Tour Prélude
0%
Aucun quiz correspondant
Distribution des résultats
% des personnes avec chaque résultat
Percentile par nombre de réponses
Votre historique - résultats
Vous n’avez pas pris ce quiz